| 000 | 00742nam a22001697a 4500 | ||
|---|---|---|---|
| 003 | NUST | ||
| 082 | _a621.382,TAR | ||
| 100 |
_aTariq, Zayyad Bin _9132993 |
||
| 245 |
_aMillimeter Wave Array Antenna for 5G Communication / _cZayyad Bin Tariq, Sheharyar Khan, Bilal Saeed and Omer Farooq (BETE-54 / TCC-29) |
||
| 260 |
_aRawalpindi _bMCS (NUST) _cJune, 2021 |
||
| 300 | _a42 p.; | ||
| 505 | _aIntroduction (Page-10, Literature Review (Page-10), HFSS Design and Results (Page-17), Millimeter Waveband Array Design (Page-24), Future Work and Conclusion (Page-37), References (Page-38). | ||
| 650 |
_aUG Project _9131132 |
||
| 651 |
_a(BETE-54 / TCC-29) _9132912 |
||
| 700 |
_aSupervised by Lecturer Maryam Rasool _9132869 |
||
| 942 |
_2ddc _cPR |
||
| 999 |
_c615968 _d615968 |
||